Okamihy zázrakov

Enregistré dans:
Détails bibliographiques
Auteur principal: Stanislav, Pavol
Autres auteurs: Vita, Tiziano
Format: Livre
Langue:slovaque
Publié: Bratislava Spolok slovenských spisovateľov 2010
Sujets:
Tags: Ajouter un tag
Pas de tags, Soyez le premier à ajouter un tag!

MARC

LEADER 00000nam a2200000 4500
001 0118814
005 20240502072327.7
020 |a 978-80-8061-396-9 
041 0 |a slo 
044 |a SK 
245 1 0 |a Okamihy zázrakov  |c Pavol Stanislav ; do tal. prel. Tiziano Vita 
264 1 |a Bratislava  |b Spolok slovenských spisovateľov  |c 2010 
300 |a 109 s. [5 AH] 
610 2 0 |a literatúra 
100 1 |a Stanislav, Pavol 
700 1 |a Vita, Tiziano